Dans quel album de Tintin apparaissent ces lieux ? (1) - Statistiques

Statistiques générales
  • Ce quiz a été pris 71 fois
  • Le résultat moyen est 24 sur 42
Statistiques - réponses
Hint Explanation Réponse % Correct
Congo Tintin au Congo
89%
Népal Tintin au Tibet
87%
La Licorne Bateau Le Secret de La Licorne
84%
Lune On a marché sur la Lune
82%
Australie Vol 714 pour Sydney
82%
U.R.S.S. Tintin au pays des Soviets
79%
Océan arctique L'Étoile mystérieuse
74%
Chine Le lotus bleu
71%
Tombeau de Kih-Oskh Les cigares du pharaon
71%
Tibet Tintin au Tibet
71%
Etats-Unis Tintin en Amérique
71%
Hôtel Cornavin L'Affaire Tournesol
68%
Sahara Le Crabe aux pinces d'or
68%
Shanghai Le lotus bleu
68%
Katmandou Tintin au Tibet
68%
Maroc Le Crabe aux pinces d'or
66%
Cordillère des Andes Le Temple du Soleil
66%
Islande L'Étoile mystérieuse
66%
Moscou Tintin au pays des Soviets
66%
Syldavie Le Sceptre d'Ottokar
63%
Aurore Bateau L'Étoile mystérieuse
63%
Royaume-Uni L'Île Noire
63%
Indonésie Vol 714 pour Sydney
63%
Japon Le lotus bleu
58%
Khemed Tintin au pays de l'or noir
58%
Tapiocapolis Tintin et les Picaros
58%
Genève L'Affaire Tournesol
55%
Bordurie Le Sceptre d'Ottokar
55%
Centre de recherche atomique de Sbrodj Objectif Lune
55%
Galerie d'art Tintin et l'Alph-Art
47%
Inde Les cigares du pharaon
45%
Egypte Les cigares du pharaon
45%
Peary Bateau L'Étoile mystérieuse
45%
Château de Moulinsart Le Secret de La Licorne
42%
Nuevo Rico L'Oreille cassée
39%
San Théodoros L'Oreille cassée
32%
New Delhi Tintin au Tibet
29%
Italie Les Bijoux de la Castafiore
26%
Jauga Le Temple du Soleil
26%
Belgique Tintin au pays des Soviets
21%
Singapour Les cigares du pharaon
16%
Pérou Les Sept Boules de cristal
3%
Aucun quiz correspondant
Distribution des résultats
% des personnes avec chaque résultat
Percentile par nombre de réponses
Votre historique - résultats
Vous n’avez pas pris ce quiz